00404 a2200133 4500020001800000050002100018100003000039245005500069264004500124300001800169500001900187650003000206650003400236 a9789351111511 aQL618.2 KHA 2013 aKhan, Mirza Akbareauthor aGenetics embryology and fishes /cMirza Akbar Khan aNew Delhi :bRandom Publications,c2013. a280p. :bill. aIncludes index aGenetics embryologyxFish aMolecular aspects of genetics